Flaggen der EM-Teilnehmer 2024 - Sudden Death - Statistiken

Allgemein
  • Dieses Quiz wurde 288 mal gespielt
  • Das Durchschnittsergebnis liegt bei 9 aus 24
Answers on the Grid
Answers color-coded by a green-red scale on the quiz's grid according to % correct below.
🇩🇪
🇨🇭
🏴󠁧󠁢󠁳󠁣󠁴󠁿
🇭🇺
🇪🇸
🇭🇷
🇮🇹
🇦🇱
🏴󠁧󠁢󠁥󠁮󠁧󠁿
🇸🇮
🇩🇰
🇷🇸
🇧🇪
🇸🇰
🇷🇴
🇺🇦
🇵🇹
🇹🇷
🇨🇿
🇬🇪
🇫🇷
🇦🇹
🇵🇱
🇳🇱
🇮🇸
🇳🇴
🇸🇪
🇫🇮
🇮🇪
🏴󠁧󠁢󠁷󠁬󠁳󠁿
🇲🇨
🇦🇩
🇻🇦
🇸🇲
🇲🇹
🇱🇮
🇪🇪
🇱🇻
🇱🇹
🇱🇺
🇧🇾
🇲🇩
🇲🇪
🇽🇰
🇧🇦
🇧🇬
🇲🇰
🇨🇾
🇬🇷
🇷🇺
🇦🇲
🇦🇿
🇰🇿
🇮🇱
 
Antwortstatistiken
Antwort % Korrekt
🇩🇪
59%
🇮🇹
47%
🇧🇪
47%
🇫🇷
47%
🇦🇹
46%
🇪🇸
45%
🇳🇱
45%
🇨🇭
44%
🇩🇰
44%
🇭🇷
43%
🇵🇹
43%
🇹🇷
41%
🇨🇿
40%
🏴󠁧󠁢󠁥󠁮󠁧󠁿
39%
🇵🇱
38%
🇭🇺
36%
🇬🇪
34%
🏴󠁧󠁢󠁳󠁣󠁴󠁿
33%
🇦🇱
30%
🇺🇦
30%
🇸🇰
28%
🇷🇴
27%
🇷🇸
26%
🇸🇮
25%
Keine übereinstimmenden Quizze gefunden
Verteilung der Resultate
Anzahl Personen mit jedem Resultat
Perzentil nach korrekt beantworteten Fragen
Ihre Resultats-Entwicklung
Sie haben dieses Quiz noch nicht gespielt